Personnages de jeux de société - Statistiques

Statistiques générales
  • Ce quiz a été pris 61 fois
  • Le résultat moyen est 4 sur 34
Statistiques - réponses
Personnage Jeu % Correct
Professeur Violet Cluedo
98%
Docteur Maboul Docteur Maboul
82%
Le Grand Père de la famille Sept familles
58%
Suis-je Paul ? Qui-est-ce ?
46%
Cupidon Loup-garou
39%
Oncle Pennybags Monopoly
37%
Judith de coeur Jeu de cartes
14%
Demogorgon Donjon et Dragons
12%
Slab le flingueur Bang
11%
Tuco Colt express
5%
Tacocat Exploding Kitten
5%
Lerdam pas peur Cubitos
2%
Crepitus Histoires de Peluches
2%
Armanda Sharpe Horreur à Arkham
2%
Nicodemus Gideon Imaginarium
2%
Anne Bonny Jamaica
2%
Perlatette La sorcière Perlatette
2%
Avacyn ange de l'espoir Magic
2%
La marquise mécanique Root
2%
Sergent Arthur Ferris, enquêteur bleu Whitehall
2%
Thorn, guerrier des plaines Andor
0%
Jody Death Au pire tu meurs
0%
Draculord, Vampire hypnotique Boss Monster
0%
Vaerix l'hybride Descent
0%
Rugwort le rascal Everdell
0%
Scoundrel Gloomhaven
0%
Pagurah King of Monster Island
0%
Lanouna Djones Monster Slaughter
0%
Sir Hogswash Moonstone
0%
Paravel Mystic Scrolls
0%
Moon Nomads
0%
Draca Paleo
0%
Licinia l'implacable Pendulum le temps vaincra
0%
Bjorn et Mox Scythe
0%
Aucun quiz correspondant
Distribution des résultats
% des personnes avec chaque résultat
Percentile par nombre de réponses
Votre historique - résultats
Vous n’avez pas pris ce quiz